书目信息 |
| 题名: |
高校群体性事件网络舆情治理实证研究
|
|
| 作者: | 武超群 著 | |
| 分册: | ||
| 出版信息: | 北京 中国书籍出版社 2015.03 |
|
| 页数: | 209页 | |
| 开本: | 25cm | |
| 丛书名: | 高校德育成果文库 | |
| 单 册: | ||
| 中图分类: | G219.2 , G641 | |
| 科图分类: | ||
| 主题词: | 高等学校--群体性--紧急事件--互联网络--舆论--治理--研究--中国 | |
| 电子资源: | ||
| ISBN: | 978-7-5068-4640-0 | |
| 000 | 01045oam2 2200277 450 | |
| 001 | 0120151549599 | |
| 005 | 20160512145206.71 | |
| 010 | @a978-7-5068-4640-0@b精装@dCNY68.00 | |
| 100 | @a20150421d2015 em y0chiy50 ea | |
| 101 | 0 | @achi |
| 102 | @aCN@b110000 | |
| 105 | @aak z 000yy | |
| 106 | @ar | |
| 200 | 1 | @a高校群体性事件网络舆情治理实证研究@9gao xiao qun ti xing shi jian wang luo yu qing zhi li shi zheng yan jiu@f武超群著 |
| 210 | @a北京@c中国书籍出版社@d2015.03 | |
| 215 | @a209页@c图@d25cm | |
| 225 | 2 | @a高校德育成果文库 |
| 330 | @a本书分为十二章,主要内容包括:高校群体性突发事件的内涵;高校群体性事件频发的缘由;群体心理表征与效应;公众情绪与高校责任;高校群体性事件的网络传播路径;现代传媒的作用与网络舆论的影响等。 | |
| 333 | @a教育研究人员 | |
| 461 | 0 | @12001 @a高校德育成果文库 |
| 606 | 0 | @a高等学校@x群体性@x紧急事件@x互联网络@x舆论@x治理@x研究@y中国 |
| 690 | @aG219.2@v5 | |
| 690 | @aG641@v5 | |
| 701 | 0 | @a武超群@9wu chao qun@4著 |
| 801 | 0 | @aCN@b人天书店@c20150421 |
| 905 | @b876040-45@dG219.2@e635@f6 | |
| 高校群体性事件网络舆情治理实证研究/武超群著.-北京:中国书籍出版社,2015.03 |
| 209页:图;25cm.-(高校德育成果文库) |
| 使用对象:教育研究人员 |
| ISBN 978-7-5068-4640-0(精装):CNY68.00 |
| 本书分为十二章,主要内容包括:高校群体性突发事件的内涵;高校群体性事件频发的缘由;群体心理表征与效应;公众情绪与高校责任;高校群体性事件的网络传播路径;现代传媒的作用与网络舆论的影响等。 |
| ● |
| 相关链接 |
|
|
|
|
正题名:高校群体性事件网络舆情治理实证研究
索取号:G219.2/635
 
预约/预借
| 序号 | 登录号 | 条形码 | 馆藏地/架位号 | 状态 | 备注 |
| 1 | 876040 | 208760401 | 第一样本阅览室/ [索取号:G219.2/635] | 在馆 | |
| 2 | 876041 | 208760410 | 教育系资料室/ [索取号:G219.2/635] | 在馆 | |
| 3 | 876042 | 208760429 | 教育系资料室/ [索取号:G219.2/635] | 在馆 | |
| 4 | 876043 | 208760438 | 教育系资料室/ [索取号:G219.2/635] | 在馆 | |
| 5 | 876044 | 208760447 | 第四借阅区/ [索取号:G219.2/635] | 在馆 | |
| 6 | 876045 | 208760456 | 第四借阅区/ [索取号:G219.2/635] | 在馆 |